| 000 | 00981nam a22002777a 4500 | ||
|---|---|---|---|
| 005 | 20240530110444.0 | ||
| 008 | 150426s2004 ua d f 000 0deng d | ||
| 017 |
_a2005/1526 _bمصر . دار الكتب المصرية |
||
| 020 | _a9770194409 | ||
| 040 | _aEG-CaGPL | ||
| 082 | 0 | 4 |
_221 _a362.1042\ _bم ص |
| 100 | 0 | _aمحمد الجوادى | |
| 245 | 1 | 2 |
_aالصحة والطب والعلاج فى مصر / _cمحمد الجوادى |
| 250 | _aط2 | ||
| 260 |
_aالقاهرة : _bالهيئة المصرية العامة للكتاب ، _c2004 . |
||
| 300 |
_a499 ص : _bايض ؛ _c24 سم |
||
| 650 | 0 | 4 | _aالصحة |
| 650 | 0 | 4 | _aالاطباء |
| 650 | 0 | 4 |
_aالطب _xالجوانب الاقتصادية |
| 650 | 0 | 4 | _aالتامين الصحى |
| 650 | 0 | 4 |
_aالطب _xالجوانب الاجتماعية |
| 650 | 0 | 4 | _aالرقابة الصحية |
| 650 | 0 | 4 | _aالعناية الصحية |
| 942 |
_2ddc _cBK |
||
| 999 |
_c61102 _d61102 |
||